000
00223 a2200097 4500
001
39899
100
_a
Nasr S Hossein
245
_a
Knowledge & the Sacred
260
_a
Lahore
_b
Suhail Academy
_c
1988
090
_c
24895
_d
24895
942
_a
NUST-CAE
_c
M
_c
16552
999
_c
274972
_d
274972